The Chinese e-Merging Market : Digital China and Its Social Media Landscape.

This book is designed to work as a step-by-step guide to the online marketplace environment in China. It provides a detailed overview of the Chinese online market and proposes different strategies available to foreign companies. It contains practical advice, the latest data and relevant links for fu...

Full description

Bibliographic Details
Main Author: Krokou, Danai.
Format: eBook
Language:English
Published: New York : Business Expert Press, 2021.
Edition:2nd ed.
Series:The Chinese Market Series
Subjects:
Online Access:Click to View
LEADER 03031nam a22004453i 4500
001 EBC6562655
003 MiAaPQ
005 20240826032710.0
006 m o d |
007 cr cnu||||||||
008 240826s2021 xx o ||||0 eng d
020 |a 9781637420539  |q (electronic bk.) 
020 |z 9781637420522 
035 |a (MiAaPQ)EBC6562655 
035 |a (Au-PeEL)EBL6562655 
035 |a (OCoLC)1247656374 
040 |a MiAaPQ  |b eng  |e rda  |e pn  |c MiAaPQ  |d MiAaPQ 
050 4 |a HF5548.325.C6 
082 0 |a 381.1420951 
100 1 |a Krokou, Danai. 
245 1 4 |a The Chinese e-Merging Market :  |b Digital China and Its Social Media Landscape. 
250 |a 2nd ed. 
264 1 |a New York :  |b Business Expert Press,  |c 2021. 
264 4 |c Ã2021. 
300 |a 1 online resource (244 pages) 
336 |a text  |b txt  |2 rdacontent 
337 |a computer  |b c  |2 rdamedia 
338 |a online resource  |b cr  |2 rdacarrier 
490 1 |a The Chinese Market Series ;  |v v.3 
505 0 |a Cover -- Half-Title -- Title -- Copyright -- Dedication -- Description -- Contents -- Introduction -- China's E-Tail Revolution: Why China and Why SellOnline -- Online Consumer Behavior in China -- What Do They Value Most? -- How to Market Your Products and Services Online -- The Big Two: We Chat andSina Weibo -- How to Market on WeChat -- How to Market on Weibo -- Tik Tok: A Newcomer -- The Taobao Phenomenon: Can You Beat the Giant? -- How to Sell Online -- Alternative Solutions -- Payment Methods -- Digital Laws and Regulations in China -- Key Strategies for Different Company Types -- Managing Practical Challenges -- The Future of E-Commerce and Technology in China -- The Future of Chinese Retail -- Post-pandemic China and the 5G Battle -- China Going Global -- Final Thoughts and Recommendations -- 2020 Digital China in Numbers -- Useful Links &amp -- References -- Bibliography -- About the Author -- Index -- Adpage -- Backcover. 
520 |a This book is designed to work as a step-by-step guide to the online marketplace environment in China. It provides a detailed overview of the Chinese online market and proposes different strategies available to foreign companies. It contains practical advice, the latest data and relevant links for further reference that Western SMEs, investors, and entrepreneurs can use to establish their online presence in China. 
588 |a Description based on publisher supplied metadata and other sources. 
590 |a Electronic reproduction. Ann Arbor, Michigan : ProQuest Ebook Central, 2024. Available via World Wide Web. Access may be limited to ProQuest Ebook Central affiliated libraries.  
650 0 |a China. 
650 0 |a Electronic commerce. 
655 4 |a Electronic books. 
776 0 8 |i Print version:  |a Krokou, Danai  |t The Chinese e-Merging Market  |d New York : Business Expert Press,c2021  |z 9781637420522 
797 2 |a ProQuest (Firm) 
830 4 |a The Chinese Market Series 
856 4 0 |u https://ebookcentral.proquest.com/lib/matrademy/detail.action?docID=6562655  |z Click to View